000 00468nam a2200169Ia 4500
001 64918
008 211117n ii |||gr||||Z||||||465
020 _a9788126537204
082 _a518.0285
100 _aGilat, Amos,
_eAuthor.
245 0 _aMatlab : an introduction with applications
_cAmos Gilat
_hTextual Documents
250 _a4th ed.
260 _aNew Delhi:
_bWiley India Pvt. Ltd.,
_c2019.
300 _ax,418p.:
_c24cm.
653 _aMatlab
942 _2ddc
_cBK
999 _c66018
_d66018